Bez investícií sa zázraky nedejú Dlhoročná tradícia a kvalita sa spojila s inovačnou silou
Storočnica podniku Kablo Bratislava. Rozvoj podniku po r. 1992 po privatizácii rakúskou káblovňou KDAG. Začlenenie podniku do Podunajského zväzu výrobcov káblov spoločnosti SIEMENS Rakúsko. Výrobný program KABLA. Vývoj obratu, teritoriálna štruktúra obratu v r. 1993-1995. Investičný program a inovác...
Guardado en:
| Autor principal: | |
|---|---|
| Formato: | Capítulo de libro |
| Lenguaje: | eslovaco |
| Materias: | |
| Etiquetas: |
Sin Etiquetas, Sea el primero en etiquetar este registro!
|
MARC
| LEADER | 00000naa a2200000 4500 | ||
|---|---|---|---|
| 001 | r017334 | ||
| 005 | 20221213100407.2 | ||
| 041 | 0 | |a slo | |
| 044 | |a SK | ||
| 245 | 1 | 0 | |a Bez investícií sa zázraky nedejú |b Dlhoročná tradícia a kvalita sa spojila s inovačnou silou |c A. Goldbergerová |
| 520 | |a Storočnica podniku Kablo Bratislava. Rozvoj podniku po r. 1992 po privatizácii rakúskou káblovňou KDAG. Začlenenie podniku do Podunajského zväzu výrobcov káblov spoločnosti SIEMENS Rakúsko. Výrobný program KABLA. Vývoj obratu, teritoriálna štruktúra obratu v r. 1993-1995. Investičný program a inovácie podniku. | ||
| 610 | 2 | 0 | |a KABLO, s.r.o. Bratislava |
| 610 | 2 | 0 | |a 1895-1995 |
| 610 | 2 | 0 | |a podnik priemyselný |
| 610 | 2 | 0 | |a programy výrobné |
| 610 | 2 | 0 | |a inovácia |
| 610 | 2 | 0 | |a obrat obchodný |
| 610 | 2 | 0 | |a kapitál základný |
| 610 | 2 | 0 | |a kapitál vlastný |
| 610 | 2 | 0 | |a mzdy |
| 100 | 1 | |a Goldbergerová, A. | |